[Event "Montreal CC-ch"]
[Site "Montreal"]
[Date "2013.06.14"]
[Round "1"]
[White "Lopez Linares, Lizandro Fernando"]
[Black "Smith Lauzon, Olivier"]
[Result "1-0"]
[WhiteElo "2041"]
[BlackElo "1392"]
[PlyCount "71"]
[EventDate "2013.06.14"]
[EventType "swiss"]
[EventRounds "5"]
[EventCountry "CAN"]
[SourceTitle "EXT 2022"]
[Source "ChessBase"]
[SourceDate "2021.10.06"]
[SourceVersion "1"]
[SourceVersionDate "2021.10.06"]
[SourceQuality "1"]

1. d4 d5 2. c4 e6 3. Nc3 Nf6 4. Bg5 h6 5. Bh4 Bb4 6. e3 g5 7. Bg3 Ne4 8. Qb3 Nc6 9. Bd3 f5 10. Bxe4 fxe4 11. Nge2 Qe7 12. a3 Bxc3+ 13. Nxc3 dxc4 14. Qxc4 Bd7 15. Nxe4 0-0-0 16. Rc1 Be8 17. Nc5 Na5 18. Qxe6+ Qxe6 19. Nxe6 Rd7 20. Nxc7 Kd8 21. b4 Nc6 22. Ne6+ Ke7 23. Nc5 Rd5 24. Nxb7 Bd7 25. 0-0 h5 26. h4 gxh4 27. Bxh4+ Ke8 28. b5 Ne7 29. e4 Rxd4 30. Bf6 Rg8 31. Bxd4 Bh3 32. Kh2 Bxg2 33. Rg1 Bxe4 34. Nd6+ Kf8 35. Rxg8+ Kxg8 36. Nxe4 1-0